Central Library OPAC University of Rajshahi

American petroleum refining/ (Record no. 17433)

MARC details
000 -LEADER
fixed length control field 00961cam a2200325I 4500
001 - CONTROL NUMBER
control field 17433
003 - CONTROL NUMBER IDENTIFIER
rucl marc code BD-RjUL
005 - DATE AND TIME OF LATEST TRANSACTION
control field 20211209000134.0
008 - FIXED-LENGTH DATA ELEMENTS--GENERAL INFORMATION
fixed length control field 191116s1959 nyua 001 0 eng c
035 ## - SYSTEM CONTROL NUMBER
System control number (BD-RjUL)17491
040 ## - CATALOGING SOURCE
Original cataloging agency KSU
Transcribing agency KSU
Modifying agency OCLCQ
-- MYG
Language of cataloging eng
041 ## - LANGUAGE CODE
Language code of text/sound track or separate title eng
049 ## - LOCAL HOLDINGS (OCLC)
Holding library MYGG
082 ## - DEWEY DECIMAL CLASSIFICATION NUMBER
Edition number 23
Classification number 665.5385
Author mark and year BEA 1959
090 ## - LOCALLY ASSIGNED LC-TYPE CALL NUMBER (OCLC); LOCAL CALL NUMBER (OCLC)
Classification number (OCLC) (R) ; Classification number, CALL (RLIN) (NR) TP690.B45x 1945
100 1# - MAIN ENTRY--PERSONAL NAME
Personal name Bell, Harold Sill,
Dates associated with a name 1889-
9 (RLIN) 235067
245 10 - TITLE STATEMENT
Title American petroleum refining/
Statement of responsibility, etc. by H.S. Bell ...
250 ## - EDITION STATEMENT
Edition statement Fourth Edition
260 ## - PUBLICATION, DISTRIBUTION, ETC. (IMPRINT)
Place of publication, distribution, etc. New York :
Name of publisher, distributor, etc. D. Van Nostrand Co.,
Date of publication, distribution, etc. 1959
300 ## - PHYSICAL DESCRIPTION
Pagination ix, 538 p. :
Illustrations illus. ;
Size 24 cm.
650 #0 - SUBJECT ADDED ENTRY--TOPICAL TERM
Topical term or geographic name as entry element Petroleum
General subdivision Refining.
9 (RLIN) 235068
910 ## - USER-OPTION DATA (OCLC)
User-option data OCLCTechPro DDC Recon
942 ## - ADDED ENTRY ELEMENTS (KOHA)
Source of classification or shelving scheme Dewey Decimal Classification
Koha item type Books
946 ## - LOCAL PROCESSING INFORMATION (OCLC)
a t
949 #0 - LOCAL PROCESSING INFORMATION (OCLC)
a c
b RSC
c HDC
o 0
p 39080024631019
x 15
y HDC ITEM
h TP690.B45x 1945
Holdings
Lost status Source of classification or shelving scheme Damaged status Not for loan Collection code Permanent Location Current Location Shelving location Date acquired Source of acquisition Total Checkouts Full call number Date last seen Copy number Koha item type
  Dewey Decimal Classification   Not For Loan Non-fiction Central Library, University of Rajshahi Central Library, University of Rajshahi Reading Room 19/10/1973 U.S. Govt   665.5385 BEA 1959 18/11/2019 C-1 Books
  Dewey Decimal Classification     Non-fiction Central Library, University of Rajshahi Central Library, University of Rajshahi   19/10/1973 U.S. Govt   665.5385 BEA 1959 18/11/2019 C-2 Books
  Dewey Decimal Classification     Non-fiction Central Library, University of Rajshahi Central Library, University of Rajshahi   19/10/1973 U.S. Govt   665.5385 BEA 1959 18/11/2019 C-3 Books
  Dewey Decimal Classification     Non-fiction Central Library, University of Rajshahi Central Library, University of Rajshahi   19/10/1973 U.S. Govt   665.5385 BEA 1959 18/11/2019 C-4 Books